Score 0/24 Timer 05:00
5 Plays Today
Cut Off at K Movie % Correct
MAGIC MIKE
98.1%
BEND IT LIKE BECKHAM
91.6%
THE HUNCHBACK OF NOTRE DAME
90.5%
DAMN YANKEES
88%
YOUNG FRANKENSTEIN
87.7%
ZERO DARK THIRTY
85.8%
ARMY OF DARKNESS
84%
THE LOST WEEKEND
79%
DESPERATELY SEEKING SUSAN
75.5%
LA FEMME NIKITA
71.6%
ALL THEKING'S MEN
68.6%
MY DOG SKIP
66.6%
Cut Off at K Movie % Correct
THE FABULOUS BAKER BOYS
63.8%
SOMETHING WICKED THIS WAY COMES
59.4%
DETROIT ROCK CITY
59.1%
CARNALKNOWLEDGE
53.1%
TWO WEEKS NOTICE
52.3%
NEW JACK CITY
50.7%
YOU CAN'T TAKE IT WITH YOU
50.4%
THE HUDSUCKER PROXY
43.3%
THE PERKS OF BEING A WALLFLOWER
41.8%
THE LADYKILLERS
41.4%
WE NEED TO TALK ABOUT KEVIN
35.3%
THE BUCKET LIST
29.4%
Remove Ads.
Support Sporcle.
Get the best of Sporcle when you Go Orange. This ad-free experience offers more features, more stats, and more fun while also helping to support Sporcle. Thank you for becoming a member.

You're not logged in!

Compare scores with friends on all Sporcle quizzes.
OR
Log In

Sporcle TV

Today on Sporcle TV


Watch our educational content, quiz creation guides, and fun videos on Sporcle TV.

Show Comments

Extras

Top Quizzes Today


Score Distribution

Paid Content

Your Account Isn't Verified!

In order to create a playlist on Sporcle, you need to verify the email address you used during registration. Go to your Sporcle Settings to finish the process.

Report this User

Report this user for behavior that violates our Community Guidelines.

Details: